| 000 | 01338nam a2200301Ia 4500 | ||
|---|---|---|---|
| 003 | OSt | ||
| 005 | 20210113113116.0 | ||
| 008 | 191128t2000 ck ad fr 000 0dspa d | ||
| 020 | _a8420529850 | ||
| 040 |
_aCO-JMCR _cCO-JMCR |
||
| 041 | 1 |
_aspa _heng |
|
| 082 | 0 | 4 |
_a339 / _bB639m _223 |
| 100 | 1 |
_aBlanchard, Olivier, _eautor _97818 |
|
| 245 | 1 | 0 |
_aMacroeconomía / _cOliver Blanchard ; traducción de Esther Rabasco y Luis Toharia |
| 250 | _aSegunda edición | ||
| 260 |
_aBogotá : _bPearson Educación, _c©2000 |
||
| 300 |
_axxviii, 640 páginas : _bgráficos a blanco y negro ; _c26 cm. |
||
| 500 | _aIncluye notas a pie de página y datos biográficos del autor. | ||
| 505 | 0 | _aUna gira por el mundo -- Una gira por el libro -- El núcleo -- El mercado de bienes -- los mercados financieros -- los mercados de bienes y financieros: el modelo IS-LM | |
| 520 | 3 | _a"Macroeconomía de Oliver Blanchard, es un texto de obligada lectura para aquellas personas que deseen comprender el comportamiento agregado de las economías actuales a la luz de la experiencia histórica. | |
| 534 | _pMacroeconomics | ||
| 546 | _aTraducido del inglés | ||
| 650 | 1 | 4 |
_aMacroeconomía _97826 |
| 650 | 1 | 4 |
_aEconomía _97827 |
| 700 | 1 |
_aRabasco, Esther, _etraductora _94986 |
|
| 700 | 1 |
_aToharia, Luis, _etraductor _94738 |
|
| 942 |
_2ddc _cBK |
||
| 999 |
_c3632 _d3632 |
||